000 00256nam a22001097a 4500
008 170119b xxu||||| |||| 00| 0 eng d
020 _a4670759085007
041 _aeng
080 _a618.2
245 _aMATERNAL-CHILD NURSING
_cMCKINNEY, E.S
942 _2udc
_cBK
999 _c3172
_d3172